000 00668nam a2200217 a 4500
005 20140310183612.0
008 120830s19uu xx 00 eng d
020 _a9780071263689
050 _aHD 69.S6
_b.B995 2009
100 _aByrd, Mary Jane
245 _aSmall business management :
_ban entrepreneur's guidebook /
_cMary Jane Byrd, Leon C. Megginson.
250 _a6th ed. International ed.
260 _aBoston, MA :
_bMcGraw-Hill,
_c2009.
300 _a522 p. :
_bill. col. ;
_c25 cm.
500 _aIncludes index
521 _aBSBA
650 _aSmall business
_xManagement
700 _aMegginson, Leon C.
942 _cBK
_2lcc
_kFOR
999 _c25260
_d25260